Biblical hermeneutics : (Registro nro. 9530)

Detalles MARC
000 -LEADER
campo de control de longitud fija 02875cam a22005534i 4500
003 - IDENTIFICADOR DE NÚMERO DE CONTROL
campo de control PE-LiUPU
005 - FECHA Y HORA DE LA ÚLTIMA TRANSACCIÓN
campo de control 20250731172840.0
008 - DATOS DE LONGITUD FIJA--INFORMACIÓN GENERAL
campo de control de longitud fija 160525s2012 ilu r 001 0 eng d
020 ## - NÚMERO INTERNACIONAL ESTÁNDAR DEL LIBRO
Número Internacional Estándar del Libro 0830839631
Información calificativa (pbk. ;
-- alk. paper)
020 ## - NÚMERO INTERNACIONAL ESTÁNDAR DEL LIBRO
Número Internacional Estándar del Libro 9780830839636
Información calificativa (pbk. ;
-- alk. paper)
035 ## - NÚMERO DE CONTROL DEL SISTEMA
Número de control de sistema (Sirsi) i9780830839636
040 ## - FUENTE DE CATALOGACIÓN
Centro catalogador/agencia de origen DLC
Lengua de catalogación spa
Centro/agencia transcriptor DLC
Centro/agencia modificador YDX
-- BTCTA
-- YDXCP
-- BDX
-- LNT
-- BWX
-- SGB
-- CDX
-- ITC
-- OCLCF
-- OCLCQ
-- CHVBK
-- OCLCQ
-- PE-LiUPU
Normas de descripción rda
049 ## - FONDOS LOCALES (OCLC)
Biblioteca depositaria PRUA
050 00 - SIGNATURA TOPOGRÁFICA DE LA BIBLIOTECA DEL CONGRESO
Número de clasificación BS476
Número de ítem .B4945 2012
082 00 - NÚMERO DE LA CLASIFICACIÓN DECIMAL DEWEY
Número de clasificación 220.601
Cutter B5
Número de edición 23
245 00 - MENCIÓN DEL TÍTULO
Título Biblical hermeneutics :
Resto del título five views /
Mención de responsabilidad, etc. edited by Stanley E. Porter & Beth M. Stovell ; with contributions by Craig L. Blomberg [y otros cuatro].
264 #1 - PRODUCCIÓN, PUBLICACIÓN, DISTRIBUCIÓN, FABRICACIÓN Y COPYRIGHT
Producción, publicación, distribución, fabricación y copyright Downers Grove, Illinois :
Nombre del de productor, editor, distribuidor, fabricante IVP Academic,
Fecha de producción, publicación, distribución, fabricación o copyright 2012.
300 ## - DESCRIPCIÓN FÍSICA
Extensión 224 páginas ;
Dimensiones 23 centímetros.
336 ## - TIPO DE CONTENIDO
Término de tipo de contenido text
Fuente rdacontent
337 ## - TIPO DE MEDIO
Nombre/término del tipo de medio unmediated
Fuente rdamedia
338 ## - TIPO DE SOPORTE
Nombre/término del tipo de soporte volume
Fuente rdacarrier
490 0# - MENCIÓN DE SERIE
Mención de serie Spectrum multiview books
504 ## - NOTA DE BIBLIOGRAFÍA, ETC.
Nota de bibliografía, etc. Índice : páginas 213-224.
505 00 - NOTA DE CONTENIDO CON FORMATO
Nota de contenido con formato tIntroduction : trajectories in biblical hermeneutics -- Stanley E. Porter and Beth M. Stovell --Five views of biblical hermeneutics -- The historical-critical/grammatical view -- Blomberg -- The literary/postmodern view -- The philosophical/theological view -- The redemptive-historical view -- The canonical view -- Responses -- The historical-critical/grammatical response -- The literary/postmodern response -- The philosophical/theological response -- The redemptive-historical response -- The canonical response -- Interpreting together : synthesizing five views of biblical hermeneutics.
526 ## - NOTA DE INFORMACIÓN SOBRE EL PROGRAMA DE ESTUDIO
Nombre del programa Segunda Especialidad En Profecías Bíblicas
526 ## - NOTA DE INFORMACIÓN SOBRE EL PROGRAMA DE ESTUDIO
Nombre del programa Segunda Especialidad En Nuevo Testamento
526 ## - NOTA DE INFORMACIÓN SOBRE EL PROGRAMA DE ESTUDIO
Nombre del programa Segunda Especialidad En Antiguo Testamento
526 ## - NOTA DE INFORMACIÓN SOBRE EL PROGRAMA DE ESTUDIO
Nombre del programa Segunda Especialidad En Estudios Adventistas
526 ## - NOTA DE INFORMACIÓN SOBRE EL PROGRAMA DE ESTUDIO
Nombre del programa Doctorado en teología
526 ## - NOTA DE INFORMACIÓN SOBRE EL PROGRAMA DE ESTUDIO
Nombre del programa Maestría en teología histórica
526 ## - NOTA DE INFORMACIÓN SOBRE EL PROGRAMA DE ESTUDIO
Nombre del programa Maestría en teología bíblica
526 ## - NOTA DE INFORMACIÓN SOBRE EL PROGRAMA DE ESTUDIO
Nombre del programa Maestría en teología
526 ## - NOTA DE INFORMACIÓN SOBRE EL PROGRAMA DE ESTUDIO
Nombre del programa Maestría en misionología
526 ## - NOTA DE INFORMACIÓN SOBRE EL PROGRAMA DE ESTUDIO
Nombre del programa Maestría en liderazgo eclesiástico
526 ## - NOTA DE INFORMACIÓN SOBRE EL PROGRAMA DE ESTUDIO
Nombre del programa Teología
596 ## -
-- 1
650 04 - PUNTO DE ACCESO ADICIONAL DE MATERIA--TÉRMINO DE MATERIA
Término de materia o nombre geográfico como elemento de entrada Hermenéutica bíblica.
700 1# - ENTRADA AGREGADA--NOMBRE PERSONAL
Nombre de persona Blomberg, Craig,
Término indicativo de función/relación contribuidor.
700 1# - ENTRADA AGREGADA--NOMBRE PERSONAL
Nombre de persona Porter, Stanley E.,
Término indicativo de función/relación editor.
700 1# - ENTRADA AGREGADA--NOMBRE PERSONAL
Nombre de persona Stovell, Beth M.,
Término indicativo de función/relación editor.
910 ## - DATOS DE OPCIÓN DEL USUARIO (OCLC)
Datos de opción del usuario jck
-- jck
-- jck
-- 20160525
942 ## - ELEMENTOS DE ENTRADA SECUNDARIOS (KOHA)
Fuente del sistema de clasificación o colocación Clasificación Decimal Dewey
Tipo de ítem Koha
949 ## - PROCESAMIENTO DE INFORMACIÓN LOCAL (OCLC)
a 220.601 B5
w DEWEY
c 1
i 73121
d 2017-1-3
e 2017-1-3
k CHECKEDOUT
l CCODEBUL1
m BUL
n 3
p 10.00
r M
s Y
t BOOK
u 2016-5-25
x TEOLOGIA
-- P85
0 COMPRA
o .STAFF. Posgrado
949 ## - PROCESAMIENTO DE INFORMACIÓN LOCAL (OCLC)
a 220.601 B5
w DEWEY
c 2
i 73122
d 2016-8-25
e 2016-8-25
m BUL
n 3
p 10.00
r 0
s Y
t BOOK
u 2016-5-25
x POSGRADO
-- P85
0 COMPRA
o .STAFF. Posgrado
994 ## -
-- C0
-- PEPRU
999 ## - NÚMEROS DE CONTROL DE SISTEMA (KOHA)
-- DEWEY
-- 73121
-- 2017-7-25
-- 2021-11-9
-- 5
-- CCODEBUL1
-- BUL
-- 5
-- 10.00
-- 3
-- 0
-- Y
-- BOOK
-- 2016-5-25
-- TEOLOGIA
-- P85
-- COMPRA
-- .STAFF. Colección Teología
999 ## - NÚMEROS DE CONTROL DE SISTEMA (KOHA)
-- DEWEY
-- 73122
-- 2016-8-25
-- LOST
-- BUL
-- 3
-- 10.00
-- 1
-- Y
-- BOOK
-- 2016-5-25
-- TEOLOGIA
-- P85
-- COMPRA
-- .STAFF. Posgrado
980 ## - EQUIVALENCIA O REFERENCIA-CRUZADA-MENCIÓN DE SERIE--NOMBRE DE PERSONA/TÍTULO [LOCAL, CANADÁ]
ID del último usuario que modificó el registro 1
Nombre del último usuario que modificó el registro ALBERTO SANCHEZ Responsable de Automatización
Existencias
Visto por última vez Número de inventario Total de préstamos Signatura topográfica completa Código de barras Fecha del último préstamo Copia número Coste, precio de reemplazo Fecha de reemplazo Facultad Tipo de ítem Koha Nota pública Estado de pérdida Fuente del sistema de clasificación o colocación Restricciones de uso No para préstamo Colección Programa académico Biblioteca de origen Biblioteca actual Ubicación en estantería Fecha de adquisición Fuente de adquisición Coste, precio normal de compra
2025-12-02 6 5 220.601 B5 73121 2017-07-25 e1 15.00 2016-05-25   Libros físicos inventario-2023-12-13 No Perdido Clasificación Decimal Dewey No restringido Disponible para préstamos Colección General Maestría en teología Biblioteca CRAI UPeU Lima Biblioteca CRAI UPeU Lima Sala principal 2016-05-25 COMPRA 10.00
2016-08-25   3 220.601 B5 73122 2016-08-25 e2 15.00 2016-05-25   Libros físicos perdido o baja hasta el 2023-12-13 Perdido Clasificación Decimal Dewey Restringido No disponible para préstamos Colección General Maestría en teología Biblioteca CRAI UPeU Lima Biblioteca CRAI UPeU Lima Sala principal 2016-05-25 COMPRA 10.00